Statistics for France national soccer team ( current squad )

Click here to take the quiz!

General Stats

  • This quiz has been taken 257 times
  • The average score is 16 of 36

Answer Stats

PositionClubAnswer% Correct
GoalkeeperTottenham HotspurHugo Lloris
94%
ForwardParis Saint-GermainKylian Mbappe
80%
DefenderReal MadridRaphael Varane
76%
MidfielderManchester UnitedPaul Pogba
75%
DefenderBayern MunichBenjamin Pavard
73%
MidfielderChelseaN'Golo Kante
72%
GoalkeeperMarseilleSteve Mandanda
72%
ForwardBarcelonaAntoine Griezmann
71%
GoalkeeperReal MadridAlphonse Areola
69%
DefenderParis Saint-GermainPresnel Kimpembe
69%
DefenderBarcelonaSamuel Umtiti
67%
DefenderBayern MunichLucas Hernandez
65%
ForwardChelseaOlivier Giroud
64%
DefenderManchester CityBenjamin Mendy
63%
ForwardBayern MunichKingsley Coman
54%
DefenderManchester CityAymeric Laporte
51%
ForwardBetisNabil Fekir
48%
MidfielderBayern MunichCorentin Tolisso
43%
MidfielderJuventusBlaise Matuidi
40%
ForwardAtletico MadridThomas Lemar
35%
ForwardMonacoWissam Ben Yedder
33%
ForwardMarseilleFlorian Thauvin
31%
DefenderBarcelonaClement Lenglet
27%
DefenderEvertonLucas Digne
27%
DefenderReal MadridFerland Mendy
25%
DefenderChelseaKurt Zouma
25%
GoalkeeperLilleMike Maignan
22%
MidfielderTottenham HotspurTanguy Ndombele
21%
DefenderEvertonDjibril Sidibe
20%
MidfielderTottenham HotspurMoussa Sissoko
20%
MidfielderRennesSteven Nzonzi
18%
DefenderLyonLeo Dubois
13%
MidfielderArsenalMatteo Guendouzi
13%
ForwardBorussia MonchengladbachAlassane Plea
12%
GoalkeeperMonacoBenjamin Lecomte
11%
ForwardLilleJonathan Ikone
8%

Score Distribution

Percentile by Number Answered

Percent of People with Each Score

Your Score History

You have not taken this quiz